Lyrics to 'Get Off My Back' from Spirit - Statistics

General Stats
  • This quiz has been taken 21 times
  • The average score is 211 of 245
Answer Stats
Answer % Correct
a
100%
and
100%
back
100%
be
100%
game
100%
get
100%
Get
100%
I
100%
in
100%
into
100%
my
100%
of
100%
off
100%
on
100%
out
100%
you
100%
You
100%
your
100%
best
80%
can
80%
crazy
80%
face
80%
give
80%
go
80%
have
80%
if
80%
If
80%
I'm
80%
is
80%
it
80%
just
80%
me
80%
must
80%
Oh
80%
shot
80%
that
80%
the
80%
think
80%
wanna
80%
we
80%
all
60%
better
60%
brain
60%
coming
60%
done
60%
fact
60%
find
60%
it's
60%
know
60%
let
60%
playing
60%
saying
60%
take
60%
this
60%
time
60%
track
60%
train
60%
way
60%
whay
60%
Yeah
60%
you've
60%
ain't
40%
gonna
40%
phase
40%
single
40%
That's
40%
There
40%
thing
40%
Well
40%
Although
20%
Cause
20%
No matching quizzes found
Score Distribution
Percent of People with Each Score
Percentile by Number Answered
Your Score History
You have not taken this quiz